Zemný plyn v kontexte energetickej bezpečnosti

Pozícia zemného plynu v energetickej bezpečnosti EÚ. Definovanie strategických zámerov Únie na energetickom trhu tak aby bola garantovaná bezpečnosť a plynulosť dodávok tejto komodity na európsky trh cestou diverzifikácie zdrojov a prepravných ciest, ako aj dobudovaniím vnútorného prepojenia energet...

Descripción completa

Guardado en:
Detalles Bibliográficos
Autor principal: Ružeková, Viera, 1957-
Otros Autores: Kašťáková, Elena, 1974-
Formato: Capítulo de libro
Lenguaje:eslovaco
Materias:
Etiquetas: Agregar Etiqueta
Sin Etiquetas, Sea el primero en etiquetar este registro!

MARC

LEADER 00000naa a2200000 4500
001 0142377
005 20240530072340.5
041 0 |a slo 
044 |a SK 
245 1 0 |a Zemný plyn v kontexte energetickej bezpečnosti  |c Viera Ružeková, Elena Kašťáková 
520 |a Pozícia zemného plynu v energetickej bezpečnosti EÚ. Definovanie strategických zámerov Únie na energetickom trhu tak aby bola garantovaná bezpečnosť a plynulosť dodávok tejto komodity na európsky trh cestou diverzifikácie zdrojov a prepravných ciest, ako aj dobudovaniím vnútorného prepojenia energetických sietí. 
610 2 0 |a bezpečnosť energetická 
610 2 0 |a bezpečnosť európska 
610 2 0 |a diverzifikácia 
610 2 0 |a energia 
610 2 0 |a plyn zemný 
610 2 0 |a história 
610 2 0 |a Rusko 
610 2 0 |a politika medzinárodná 
100 1 |a Ružeková, Viera, 1957- 
700 1 |a Kašťáková, Elena, 1974-